Tytuły filmów z Gwiezdnych Wojen( Saga Skywalkerów) - Statystyki

Ogólne statystyki
  • Ten quiz został rozwiązany 16 razy
  • Średni wynik to 8 z 9
Statystyki odpowiedzi
Odpowiedź % Poprawnych
Skywalker:Odrodzenie
100%
Atak Klonów
93%
Nowa Nadzieja
93%
Zemsta Sithów
93%
Imperium Kontratakuje
87%
Powrót Jedi
87%
Przebudzenie Mocy
87%
Mroczne Widmo
80%
Ostatni Jedi
80%
Nie znaleziono quizów pasujących do podanych kryteriów
Rozkład punktacji
Procent ludzi z każdym wynikiem
Percentyl według liczby udzielonych odpowiedzi
Twoja historia wyników
Nie rozwiązałeś tego quizu